Mikhail Bakunin (Record no. 217762)
[ view plain ]
| 000 -LEADER | |
|---|---|
| fixed length control field | 01437nam a2200349 a 4500 |
| 082 04 - DEWEY DECIMAL CLASSIFICATION NUMBER | |
| Classification number | 335/.83 |
| 100 1# - MAIN ENTRY--AUTHOR NAME | |
| Personal name | McLaughlin, Paul. |
| 245 10 - TITLE STATEMENT | |
| Title | Mikhail Bakunin |
| 260 ## - PUBLICATION, DISTRIBUTION, ETC. (IMPRINT) | |
| Place of publication | New York : |
| Name of publisher | Algora Pub., |
| Year of publication | 2002. |
| 300 ## - PHYSICAL DESCRIPTION | |
| Number of Pages | xi, 268 p. |
| 505 0# - FORMATTED CONTENTS NOTE | |
| Formatted contents note | pt. 1. Bakunin's dialectic and the critique of speculation -- pt. 2. Bakunin's naturalism and the critique of theologism. |
| 650 #0 - SUBJECT ADDED ENTRY--TOPICAL TERM | |
| Topical Term | Anarchism |
| 856 40 - ELECTRONIC LOCATION AND ACCESS | |
| Uniform Resource Identifier | http://site.ebrary.com/lib/rucke/Doc?id=10476815 |
No items available.
